| 000 | 01542cam a22002895a 4500 | ||
|---|---|---|---|
| 001 | 19226878 | ||
| 005 | 20171115160238.0 | ||
| 008 | 160812s2017 ilua frb 001 0 eng d | ||
| 020 | _a9780838914861 | ||
| 040 |
_aDLC _beng _cDLC _dEG-ScBUE |
||
| 082 | 0 | 4 |
_222 _a025.5677 _bBUC |
| 100 | 1 | _aBuchanan, Heidi E. | |
| 245 | 1 | 4 |
_aThe one-shot library instruction survival guide / _cHeidi E. Buchanan, Beth McDonough. |
| 250 | _a2nd ed. | ||
| 260 |
_aChicago : _bALA Editions, an imprint of the American Library Association, _c2017. |
||
| 300 |
_avii, 154 p. : _bill. ; _c24 cm. |
||
| 504 | _aIncludes bibliographical references and index. | ||
| 505 | 0 | _aThey never told me this in library school -- The teaching faculty won't/don't : communicating and collaborating with instructors -- But, how will I cover everything? -- How do I get them to pay attention? : classroom strategies for one-shot instruction -- But my classroom is (online, in an auditorium, in a classroom with no computers) -- How will I know what worked? -- There's not enough of me to go around! : what to do when you become a victim of your own success. | |
| 650 | 7 |
_aLibrary orientation for college students. _2BUEsh |
|
| 650 | 7 |
_aInformation literacy _xStudy and teaching (Higher) _2BUEsh |
|
| 650 | 7 |
_aResearch _xMethodology _xStudy and teaching (Higher) _2BUEsh _941215 |
|
| 650 | 7 |
_aAcademic libraries _xRelations with faculty and curriculum. _2BUEsh |
|
| 653 |
_bGGEN _cNovember2017 |
||
| 655 |
_vReading book _934232 |
||
| 700 | 1 | _aMcDonough, Beth A., | |
| 942 | _2ddc | ||
| 999 |
_c25596 _d25568 |
||